029_ Personnalités nées un 29 janvier par images - Statistiques

Statistiques générales
  • Ce quiz a été pris 37 fois
  • Le résultat moyen est 2 sur 9
Statistiques - réponses
Par images Hint Réponse % Correct
Acteur François Civil
92%
Animatrice Oprah Winfrey
72%
Footballeur Romario
42%
Politicien Éric Woerth
28%
Actrice Julia Piaton
6%
Chanteur Adam Lambert
3%
Dirigeant Politique Ibrahim Boubacar Keïta
0%
Actrice Katharine Ross
0%
Actrice Sara Gilbert
0%
Aucun quiz correspondant
Distribution des résultats
% des personnes avec chaque résultat
Percentile par nombre de réponses
Votre historique - résultats
Vous n’avez pas pris ce quiz